=LDR 00000nam 2200000 4500 =001 INLIS000000000027207 =005 20130612125612 =008 ***********************************Ind** =035 ##$$0010-061300000027207 =041 ##$$a Ind =082 ##$$a 612.014 =090 ##$$a 612.014, Tam t =100 ##$$a Tamsuri, NS Anas =245 ##$$a Tanda-tanda vital suhu tubuh, NS Anas Tamsuri; editor, Renata Komalasari =260 ##$$a 2007 $b Jakarta =300 ##$$a vii, 84 hlm, ilus, 15 cm =650 ##$$a Suhu Badan =850 ##$$a NBPNMAT